000 00359nam a22001457a 4500
008 250423b ||||| |||| 00| 0 eng d
020 _a9780786866021
041 _aeng
080 _22000
_a33LUN
082 _233LUN
_a33LUN
100 _a24
101 _aPSIKOLOGJI
245 _aCATCH THE ENERGY RELEASE THE POTENTIAL
_cSTEPHEN C.LUNDIN
942 _2udc
_cBK
999 _c60708
_d60708